Gulliver's travels into several remote nations of the world / (Record no. 165926)

MARC details
000 -LEADER
campo de control de longitud fija 00574nam a22001695i 4500
001 - NÚMERO DE CONTROL
campo de control 165926
003 - IDENTIFICADOR DE NÚMERO DE CONTROL
campo de control ES-MaACL
005 - FECHA Y HORA DE LA ÚLTIMA TRANSACCIÓN
campo de control 20230906213230.0
008 - DATOS DE LONGITUD FIJA--INFORMACIÓN GENERAL
campo de control de longitud fija 940301s1844 gw |||| | eng d
040 ## - FUENTE DE CATALOGACIÓN
Centro catalogador/agencia de origen AS
Lengua de catalogación spa
100 1# - ENTRADA PRINCIPAL--NOMBRE DE PERSONA
Nombre de persona Swift, Jonathan.
9 (RLIN) 108944
245 10 - MENCIÓN DEL TÍTULO
Título Gulliver's travels into several remote nations of the world /
Mención de responsabilidad, etc. by Jonathan Swift ; with a sketch of his life.
260 ## - PUBLICACIÓN, DISTRIBUCIÓN, ETC.
Lugar de publicación, distribución, etc. Leipzig :
Nombre del editor, distribuidor, etc. Bernhard Tauchnitz,
Fecha de publicación, distribución, etc. 1844.
300 ## - DESCRIPCIÓN FÍSICA
Extensión 341 p. ;
Dimensiones 16 cm.
596 #1 - NOTA AL PIE DE IMPRENTA
NOTA AL PIE DE IMPRENTA En anteport. figura como fecha de reimp. 1920.
852 ## - LOCALIZACIÓN
Ubicación ES-MaACL
Número de control de estantería G-12896
Nota libre -- Enc. hol.
Holdings
Estatus retirado Estado de pérdida Estado de daño No para préstamo Colección Biblioteca de origen Biblioteca actual Ubicación en estantería Fecha de adquisición Fuente de adquisición Total de préstamos Signatura topográfica completa Código de barras Visto por última vez Precio de reemplazo Tipo de ítem Koha
        Libros del s. XIX Biblioteca del Ateneo de Madrid Biblioteca del Ateneo de Madrid Sala Pecera Planta 3 17/01/2008     G-12896 1174011 23/02/2023 23/02/2023 Libro impreso antiguo